000 00255nam a2200085Ia 4500
008 220120s9999||||xx |||||||||||||| ||und||
100 _aGanapathy, B.A
_912219
245 0 _aGSM based smart petrol bunk
260 _aCoorg Institute of Technology
_bPonnampet
_c2009
999 _c137805
_d137805